La infancia irregular: psicología clínica

Guardat en:
Dades bibliogràfiques
Autor principal: Bourrat, L
Altres autors: Dechaume, J, Gallavardin, R, Girard, P. F, Kohler, C, Pellet, R, Thévenin, L, Vérel, L
Format: Llibre
Idioma:espanyol
Publicat: Buenos Aires, Argentina Kapelusz 1958
Edició:Segunda edición
Col·lecció:Biblioteca de Cultura Pedagógica.
Matèries:
Etiquetes: Afegir etiqueta
Sense etiquetes, Sigues el primer a etiquetar aquest registre!

MARC

LEADER 00000nam a2200000 a 4500
001 UCY6205
003 CL-VaPUC
005 20240823105850.0
008 950521e19580500AG |||||||||||||||||spa|d
999 |c 233785  |d 233783 
040 |c Pontificia Universidad Católica de Valparaíso 
082 0 4 |a 155.45 BOU 1958  |2 21 
100 0 |a Bourrat, L  |9 336019 
245 1 3 |a La infancia irregular: psicología clínica 
250 |a Segunda edición 
260 0 3 |a Buenos Aires, Argentina  |b Kapelusz  |c 1958 
300 |a 342 páginas 
490 0 |a Biblioteca de Cultura Pedagógica. 
583 |a last modification  |c 19950521 00:00:00  |k Rodrigo Vera 
650 0 |a Psicología   |9 257863 
650 0 |a Niños  |9 255605 
650 0 |a Psicología del niño  |9 307305 
650 7 |a INVESTIGACION PSICOLOGICA  |2 CL-VaPUC  |9 309030 
650 0 |a Desarrollo mental   |9 313003 
650 0 |a Desarrollo individual   |9 307875 
650 0 |a Enfermedades  |9 263059 
650 7 |a INADAPTACION  |2 CL-VaPUC  |9 336027 
650 0 |a Problemas sociales  |9 258537 
650 0 |a Minusválidos mentales  |9 311830 
650 0 |a Trastornos del comportamiento  |9 311363 
650 7 |a MINUSVALIDOS  |2 CL-VaPUC  |9 310184 
700 0 |a Dechaume, J  |9 336020 
700 0 |a Gallavardin, R  |9 336021 
700 0 |a Girard, P. F  |9 336022 
700 0 |a Kohler, C  |9 336023 
700 0 |a Pellet, R  |9 336024 
700 0 |a Thévenin, L  |9 336025 
700 0 |a Vérel, L  |9 336026 
942 |c BK  |2 ddc 
945 |d 19950521 00:00:00  |a cmena 
952 |0 0  |1 0  |2 ddc  |4 0  |6 155_450000000000000_BOU_1958  |7 0  |8 P  |9 239528  |a BIBEDU  |b BIBEDU  |c BIBEDU_PB  |d 2019-11-18  |i 1507559  |o 155.45 BOU 1958  |p 1507559  |r 2024-01-25  |t 1  |w 2019-11-18  |y BK  |k EDU